000 00780nam a22002177a 4500
003 SEM
005 20260123154625.0
008 251219s2022 gw ||||gr||||||01|||ger|d
040 _aSEM
_cSEM
041 _agerm
082 _a264.023/D-23
245 _aالقديس قورباونو = Der Heilige Qorbono Der Syro-Malankarischen Katholischen Kirche /
_cHeraus. : Grosserzbischofichen Kurie; The Syro-Malankara catholic church
250 _a Ausgabe der ersten Auflage
260 _aEichstätt :
_aTrivandrum :
_bMoran Mor Baselios Kardinal Cleemis,
_c2022.
300 _a247 s. ;
_bill ., note ;
_c24 cm
650 _aLiturgy
653 _aՍԷՄ
700 _aKurie Grosserzbischofichen
_eHerausgegeben
710 _aThe Syro- Malankara catholic church
942 _2ddc
_cBK
_n0
999 _c77128
_d77128